Die fächenmäßig größten Gemeinden Österreichs - Statistiken

Allgemein
  • Dieses Quiz wurde 44 mal gespielt
  • Das Durchschnittsergebnis liegt bei 6 aus 25
Antworten auf der Karte
Die Antworten werden auf der Karte rot bzw. grün angezeigt, abhängig davon wie oft sie richtig erraten wurden.
 
Antwortstatistiken
Fläche in km² Gemeinde % Korrekt
414,82 Wien
97%
414,14 Mariazell
47%
466,89 Sölden
41%
278,31 Wolfsberg
38%
277,77 Matrei in Osttirol
31%
300,02 Admont
28%
211,00 Schladming
28%
205,48 Rottenmann
25%
223,80 Weyer
25%
256,32 Zwettl-Niederösterreich
25%
254,85 Landl
22%
288,68 Sölk
22%
274,82 Neuberg an der Mürz
19%
229,97 Grünau im Almtal
16%
204,82 Hermagor-Pressegger See
16%
210,30 Oberwölz
16%
243,71 Gaming
13%
261,92 Malta
13%
253,14 Rauris
13%
223,53 St. Leonhard im Pitztal
13%
249,00 Neustift im Stubaital
9%
270,63 Pölstal
9%
257,11 Stadl-Predlitz
9%
207,14 Krems in Kärnten
6%
223,14 Metnitz
3%
Keine übereinstimmenden Quizze gefunden
Verteilung der Resultate
Anzahl Personen mit jedem Resultat
Perzentil nach korrekt beantworteten Fragen
Ihre Resultats-Entwicklung
Sie haben dieses Quiz noch nicht gespielt